| 000 | 00637nam a2200241Ia 4500 | ||
|---|---|---|---|
| 003 | OSt | ||
| 005 | 20220928101802.0 | ||
| 006 | a|||||r|||| 00| 0 | ||
| 007 | ta | ||
| 008 | 220927b |||||||| |||| 00| 0 eng d | ||
| 024 | _a46281 | ||
| 037 | _cTextual | ||
| 040 |
_aSDCL _cSDCL _beng |
||
| 041 |
_2eng _aeng |
||
| 082 | _aO-,6L09w, N2 | ||
| 100 |
_aBoswell Jamesd _9395122 |
||
| 245 | 0 | _aLife of samuel jobnson | |
| 260 |
_aLondon _bDavid campbell Publishers _c1992 |
||
| 300 |
_a1278p. _ccm. |
||
| 490 | _aMillennium Library. | ||
| 942 |
_hO-,6L09w, N2 _cTEXL _2CC |
||
| 999 |
_c710756 _d710756 |
||